000 01201nam a2200301 i 4500
003 EG-GICUC
005 20260121101407.0
008 251129s2014 ua ||||fr|||| 00| 0 ara d
040 _a EG-GICUC
_bara
_c EG-GICUC
_d EG-GICUC
_erda
041 0 _aara
082 0 4 _221
_a343.9
_bع ب . ب
092 0 4 _221
099 _aLaw1 10 343.9 ع ب . ب 2014
100 0 _aعبد الصمد سكر
_eمؤلف.
245 1 0 _a بحث في الجريمة المنظمة وآليات مكافحتها :في ضوء ثورة الاتصالات والتكنولوجيا الحديثة" /
_cالدكتور عبد الصمد سكر
264 1 _aالقاهرة :
_b[الناشر غير محدد]،
_c2014.
300 _a159 صفحة ؛
_c24 سم.
336 _2rda content
_atext
337 _2rda media
_aComputer
338 _2rda carrier
_aOnline Resource
504 _a. 145-158 ببليوجرافيا: صفحات
546 _aالنص باللغة العربية
650 1 4 _a موضوعات أخرى في العلوم الجنائية
650 1 4 _aالقانون الجنائي
856 4 0 _uhttps://fll.law.cu.edu.eg/fulltext/bks/B10-06284.pdf
905 _a77
_eHassnaa
942 _2ddc
_cBK
_e21
_n0
999 _c47418
_d47418